The Critical Phase in Tanzania 1945 - 1968: Nyerere and the Emergency of a Socialist Strategy. (Record no. 110)

MARC details
005 - DATE AND TIME OF LATEST TRANSACTION
control field 20250625132847.0
020 ## - INTERNATIONAL STANDARD BOOK NUMBER
International Standard Book Number 0 19 372450 x
082 ## - DEWEY DECIMAL CLASSIFICATION NUMBER
Classification number LM 320.9678 PRA
100 ## - MAIN ENTRY--PERSONAL NAME
Author name PRATT, C.
245 ## - TITLE STATEMENT
Title The Critical Phase in Tanzania 1945 - 1968: Nyerere and the Emergency of a Socialist Strategy.
260 ## - PUBLICATION, DISTRIBUTION, ETC.
Place of publication, distribution, etc. Nairobi,
Name of publisher, distributor, etc. Oxford University Press,
Date of publication, distribution, etc. 1978.
300 ## - PHYSICAL DESCRIPTION
Extent x, 309p.
Other physical details Bibliography & Index
Dimensions 24cm.
942 ## - ADDED ENTRY ELEMENTS (KOHA)
Source of classification or shelving scheme Dewey Decimal Classification
Koha item type Books
Holdings
Date last seen Total checkouts Full call number Barcode Cost, replacement price Price effective from Koha item type Lost status Source of classification or shelving scheme Damaged status Not for loan Withdrawn status Home library Current library Shelving location Date acquired Cost, normal purchase price
03/06/2025   LM 320.9678 PRA 000000792 60000.00 03/06/2025 Books   Dewey Decimal Classification       College of Business Education Main Library College of Business Education Main Library General Collection 03/06/2025 20000.00
03/06/2025   LM 320.9678 PRA 000000794 60000.00 03/06/2025 Books   Dewey Decimal Classification       College of Business Education Main Library College of Business Education Main Library General Collection 03/06/2025 20000.00